LA REVOLUCION DE LA JUVENTUD EN EL MUNDO : USA, URSS, FRANCIA, JAPON /

TRADUCCION DE: YOUTH: CHANGE AND CHALLENGE

محفوظ في:
التفاصيل البيبلوغرافية
مؤلفون آخرون: Denney, Reuel (autor) (autor)
التنسيق: كتاب
سلاسل:BIBLIOTECA: SOCIOLOGIA DE HOY ; 5
الموضوعات:
الوسوم: إضافة وسم
لا توجد وسوم, كن أول من يضع وسما على هذه التسجيلة!

MARC

LEADER 00000nam^a2200000^a^4500
001 000234858
005 20250521000000.0
009 20260310104741.471
035 |a 058919 
037 |a Acervo Xavier Clavigero 
082 |a 305. 23  |b REV 
245 1 3 |a LA REVOLUCION DE LA JUVENTUD EN EL MUNDO :  |b USA, URSS, FRANCIA, JAPON /  |c R. DENNEY ... [ET AL.] ; TR. ANIBAL LEAL 
264 |a BUENOS AIRES :  |b HORME,  |c 1969 
300 |a 269 p. 
336 |a texto  |b txt  |2 rdacontenido 
337 |a sin mediación  |b n  |2 rdamedio 
338 |a volumen  |b nc  |2 rdasoporte 
440 |a BIBLIOTECA: SOCIOLOGIA DE HOY ;  |v 5 
520 |a TRADUCCION DE: YOUTH: CHANGE AND CHALLENGE 
649 |a XX 
650 |a JUVENTUD. 
700 |a Denney, Reuel  |e (autor) 
910 |a Fondo General 
920 |a Impresos - Libros 
930 |a Colección General 
905 |a 101 
901 |a 058919  |b IT1  |c ACC  |i 058919  |u 20250521 
902 |a https://opac.biblio.iteso.mx/vufind/Record/000234858